Statistics for Presidents who Won the Electoral College but Lost the Popular Vote

Click here to take the quiz!

General Stats

  • This quiz has been taken 308 times
    (271 since last reset)
  • The average score is 3 of 5

Answer Stats

President% Correct
Donald Trump
99%
George W. Bush
92%
John Quincy Adams
55%
Rutherford B. Hayes
52%
Benjamin Harrison
47%

Score Distribution

Percentile by Number Answered

Percent of People with Each Score

Your Score History

You have not taken this quiz since the last reset